Administratívna budova v Bratislave

Salvato in:
Dettagli Bibliografici
Autore principale: Matiašová, Lucia (Autore)
Altri autori: Sógel, Kristián (Relatore della tesi)
Natura: Manoscritto Libro
Lingua:slovacco
Pubblicazione: 2016
Soggetti:
Accesso online:http://is.stuba.sk/zp/portal_zp.pl?podrobnosti=118145
https://opac.crzp.sk/?fn=detailBiblioForm&sid=A86BEDB9942C84EDDF943F8BE596
Tags: Aggiungi Tag
Nessun Tag, puoi essere il primo ad aggiungerne!!

MARC

LEADER 00000ntm a22000003a 4500
001 stuzp57224
003 SK-STU
005 20230929113010.1
007 ta
008 150427s2015----xo-----f-mn---000-0-slo-d
040 |a STU  |b slo 
041 0 |a slo 
100 1 |a Matiašová, Lucia  |u 010190  |4 aut  |U SvF Stavebná fakulta  |T SvF Katedra kovových a drevených konštrukcií  |X 7644  |U V190  |Y 21  |7 A000007644 
242 0 1 |a Administration building in Bratislava  |y eng 
245 1 0 |a Administratívna budova v Bratislave 
260 |c 2016 
650 4 |a drevo  |2 slo 
650 4 |a konštrukcia  |2 slo 
650 4 |a lepené lamelové drevo  |2 slo 
650 4 |a návrh  |2 slo 
650 4 |a glue laminated timber  |2 eng 
650 4 |a wood  |2 eng 
650 4 |a structure  |2 eng 
650 4 |a design  |2 eng 
700 1 |a Sógel, Kristián  |u 010190  |k Z1  |4 ths  |U SvF Stavebná fakulta  |T SvF Katedra kovových a drevených konštrukcií  |X 4683  |U V190  |Y 21  |7 A000004683 
856 4 |u http://is.stuba.sk/zp/portal_zp.pl?podrobnosti=118145 
856 4 |u https://opac.crzp.sk/?fn=detailBiblioForm&sid=A86BEDB9942C84EDDF943F8BE596 
SQL |a stuzp57224  |b DDP  |c SLO  |d Administratívna budova v Bratislave  |e 7644  |f Matiašová, Lucia  |g 010190  |h 4683  |i Sógel, Kristián  |j 20160614  |k 945  |l 01  |m http://is.stuba.sk/zp/portal_zp.pl?podrobnosti=118145  |n I-NKS  |o 5.1.5. inžinierske konštrukcie a dopravné stavby